Finite Element Analysis with ANSYS Workbench 2023 R2 (Record no. 13956)

MARC details
000 -LEADER
fixed length control field 00432nam a22001697a 4500
003 - CONTROL NUMBER IDENTIFIER
control field OSt
008 - FIXED-LENGTH DATA ELEMENTS--GENERAL INFORMATION
fixed length control field 260515b |||||||| |||| 00| 0 eng d
020 ## - INTERNATIONAL STANDARD BOOK NUMBER
International Standard Book Number 9789355517081
082 ## - DEWEY DECIMAL CLASSIFICATION NUMBER
Classification number 620.535 TIF
100 ## - MAIN ENTRY--PERSONAL NAME
Personal name TICKOO,Sham
245 ## - TITLE STATEMENT
Title Finite Element Analysis with ANSYS Workbench 2023 R2
250 ## - EDITION STATEMENT
Edition statement 1st Ed
260 ## - PUBLICATION, DISTRIBUTION, ETC. (IMPRINT)
Place of publication, distribution, etc New Delhi
Name of publisher, distributor, etc BPB Publication
Date of publication, distribution, etc 2026
300 ## - PHYSICAL DESCRIPTION
Extent 11.40 MISC
942 ## - ADDED ENTRY ELEMENTS (KOHA)
Source of classification or shelving scheme Dewey Decimal Classification
Koha item type Reference Books
Holdings
Withdrawn status Lost status Source of classification or shelving scheme Damaged status Not for loan Collection code Home library Current library Date acquired Source of acquisition Currency Cost, normal purchase price Bill Number Total Checkouts Full call number Acc. no. / Barcode Date last seen Actual Cost, discounted price Bill Date Koha item type
    Dewey Decimal Classification     B.Tech(ME) PIET C-LIBRARY PIET C-LIBRARY 13/05/2026 Zaffa Books INR 1499.00 ZBD2026-27-0048   620.535 TIF 40078 15/05/2026 1094.27 13/05/2026 Reference Books
    Dewey Decimal Classification     B.Tech(ME) PIET C-LIBRARY PIET C-LIBRARY 13/05/2026 Zaffa Books INR 1499.00 ZBD2026-27-0048   620.535 TIF 40079 15/05/2026 1094.27 13/05/2026 Text Books

Design & Developed by: PIET Central Library
R70 Miles Stone Pattikalyana Samalkha Panipat 132102
mail ID :- [email protected], Phone No:- 0180-2569700 Ex.216